000 00507nam a2200181Ia 4500
003 GCL
008 140319s9999 xx 000 0 ara d
040 _aGCL /
_cGCL
082 0 4 _a808.83
_bم م
100 1 _aميشيما, يوكيو
245 1 0 _aمختارات من القصص العالمية /
_cميشيما, يوكيو
260 _a[S.N] :
_bدار الحداثة ،
_c1993
300 _a174 ص
490 _a
650 0 4 _aالقصص
650 0 4 _aالادب العالمى
942 _2ddc
_cBK
999 _c35089
_d35089